000
00209 a2200097 4500
001
47579
100
_a
Bekker C.D
245
_a
Swastika at sea
260
_a
London
_b
William kimber
_c
090
_c
30592
_d
30592
942
_a
NUST-CAE
_c
M
_c
22883
999
_c
282652
_d
282652